000 00730nam a2200289Ia 4500
005 20260324120325.0
008 008 260324s9999 xx 000 0 eng d
020 _a9780429189814
037 _aEBOOK
040 _aCRL
040 _beng
040 _cCRL
041 _2eng
041 _aeng
084 _qCRL
100 _aWan-Chi Siu; Yong Ching Lim; Hon Keung Kwan
_91158116
245 0 _aTrends in Digital Signal Processing
245 2 _bA Festschrift in Honour of A.G. Constantinides
260 _bTaylor and Francis
260 _c2015
365 _a
365 _b340
856 _uhttp://www.taylorfrancis.com/books/9780429189814
942 _cEBOOK
999 _c1749584
_d1749584